| 000 | 00911nam a2200217Ia 4500 | ||
|---|---|---|---|
| 003 | GCL | ||
| 005 | 20240530103022.0 | ||
| 008 | 140319s9999 xx 000 0 ara d | ||
| 040 |
_aGCL / _cGCL |
||
| 082 | 0 | 4 |
_a962.06 _bق/م ث |
| 100 | 1 | _aمحمد جلال كشك | |
| 245 | 1 | 0 |
_aثورة يوليو الامريكية : _bعلاقة عبد الناصر بالمخابرات الامريكية / _cمحمد جلال كشك |
| 250 | _aط2 | ||
| 260 |
_aالقاهرة : _bالزهراء للاعلام العربى ، _c1988 |
||
| 300 |
_a648 ص ؛ _c24 سم |
||
| 650 | 0 | 4 | _aثورة 23 يوليو 1952 |
| 650 | 0 | 4 | _aالاعتداء الثلاثى على مصر 1956 |
| 650 | 0 | 4 | _aمصر - تاريخ - العصر الحديث - جمال عبدالناصر ( 1954-1970 ) |
| 650 | 0 | 4 | _aمصر - العلاقات الخارجية - الولايات المتحدة الامريكية |
| 942 |
_2ddc _cBK |
||
| 999 |
_c36190 _d36190 |
||